Music Quiz

Random Music or Artist Quiz

10 Most Downloaded Songs on iTunes Quiz Stats

 Plays Quiz not verified by Sporcle

Support Sporcle.
Go Orange.
Score 0/10 Timer 02:00
0 Plays Today
Artist Song % Correct
Ke$haTiK ToK
87.3%
Leona LewisBleeding Love
74.6%
Taylor SwiftLove Story
69.4%
ColdplayViva la Vida
66.4%
Lady GagaJust Dance
65.7%
Jason MrazI'm Yours
65.7%
Lady GagaJust Dance
65.7%
Black Eyed PeasBoom Boom Pow
63.4%
Flo RidaLow
61.9%
Black Eyed PeasI Gotta Feeling
56%

You're not logged in!

Compare scores with friends on all Sporcle quizzes.
OR
Log In

From the Vault

Film Franchise by Character

by DarkPhalanx

You can't have a billion dollar franchise without a few memorable characters.
Remove Ads.
Support Sporcle.
Get the best of Sporcle when you Go Orange. This ad-free experience offers more features, more stats, and more fun while also helping to support Sporcle. Thank you for becoming a member.

Show Comments

Extras

Top Quizzes Today


Score Distribution

Your Account Isn't Verified!

In order to create a playlist on Sporcle, you need to verify the email address you used during registration. Go to your Sporcle Settings to finish the process.

Report this User

Report this user for behavior that violates our Community Guidelines.

Details: